|
|
|
|
| LEADER |
00000nab a2200000 a 4500 |
| 001 |
vtls011110470 |
| 003 |
SK-MaSNL |
| 005 |
20260303150422.0 |
| 008 |
230222|2007 xo |||||||||||||||||slo| |
| 015 |
|
|
|a SNBRB
|
| 035 |
|
|
|a (uuid)505885e0-f069-4962-9d8f-6a1d702e1d1f
|
| 035 |
|
|
|a (urnnbn)urn:nbn:sk:snk:ar-a08e7o
|
| 035 |
|
|
|a urn:nbn:sk:snk-ab9gz2
|
| 040 |
|
|
|a SNKBUCL
|b slo
|c SNKBUCL
|e AACR2
|
| 041 |
0 |
|
|a slo
|
| 044 |
|
|
|a xo
|c SK
|
| 100 |
1 |
|
|a Paulová, Iveta
|4 aut
|9 41808
|
| 245 |
1 |
0 |
|a UPLATŇOVANIE ETIKY V MANAŽÉRSTVE KVALITY
|c Iveta Paulová
|
| 246 |
3 |
|
|a APPLICATION OF ETHICS IN QUALITY MANAGEMENT
|
| 773 |
0 |
|
|t Vedecké práce Materiálovotechnologickej fakulty Slovenskej technickej univerzity v Bratislave so sídlom v Trnave
|g Č. 22 (2007), s. 117-122
|
| 954 |
|
|
|a odborná, vedecká literatúra pôvodná (slovenská)
|2 lita
|
| 958 |
|
|
|a OND
|
| 958 |
|
|
|a EUIPO
|
| 958 |
|
|
|a article13
|
| 999 |
|
|
|c 2010522
|d 2012452
|